| 000 | 00793nam a2200241 a 4500 | ||
|---|---|---|---|
| 001 | 64032 | ||
| 003 | BD-RjUL | ||
| 005 | 20211209081250.0 | ||
| 008 | 170208s1922 enkaf 001 0 eng d | ||
| 035 | _a(BD-RjUL)64162 | ||
| 040 |
_aBD-RjUL _cBD-RjUL _dBD-RjUL _beng |
||
| 041 | _aeng | ||
| 082 |
_223 _a935 _bBRG 1922 |
||
| 110 | 2 |
_aBritish Museum. _bDepartment of Egyptian and Assyrian Antiquities. _9190204 |
|
| 245 | 1 | 2 |
_aA guide to the Babylonian and Assyrian antiquities / _cBritish Museum |
| 250 | _a3rd ed. rev. and enl. | ||
| 260 |
_aLondon : _bPrinted by the order of the Trustees, _c1922. |
||
| 300 |
_axiv, 286 p. : _bill. ; _c21 cm. |
||
| 500 | _aIncludes index. | ||
| 651 | 0 |
_aAssyria _xAntiquities. _9190202 |
|
| 651 | 0 |
_aIraq _zBabylonia _xAntiquities. _9190203 |
|
| 942 |
_2ddc _cBK |
||
| 999 |
_c64032 _d64032 |
||